Fairness versus welfare

Saved in:
Bibliografiske detaljer
Main Authors: Kaplow, Louis (Author), Shavell, Steven (Author)
Format: Bog
Sprog:engelsk
Udgivet: Cambridge Harvard University 2002
Fag:
Tags: Tilføj Tag
Ingen Tags, Vær først til at tagge denne postø!

MARC

LEADER 00000nam a2200000 a 4500
001 UCL9370
003 CL-VaPUC
008 040806e20020000US |||||||||||||||||eng|d
020 |a 0674006224 
082 0 4 |a 172.2  |b KAP  |2 21 
100 0 |a Kaplow, Louis  |e author  |9 487151 
700 0 |a Shavell, Steven  |e author  |9 487152 
245 1 0 |a Fairness versus welfare 
300 |a 544 p 
942 |c BK 
945 |d 20040806 00:00:00  |a cmena 
260 |a Cambridge  |b Harvard University  |c 2002 
650 7 |a FILOSOFIA POLITICA  |2 CL-VaPUC  |9 487153 
650 0 |a Etica política   |9 255799 
650 0 |a Estado y derecho  |9 255403 
650 0 |a Bienestar social   |9 255298 
650 0 |a Filosofía del derecho   |9 255050 
583 |a last modification  |c 20040806 00:00:00  |k Rodrigo Vera 
999 |c 310165  |d 310163 
952 |0 0  |1 0  |4 0  |6 172_200000000000000_KAP_2002  |7 0  |8 A  |9 378378  |a BIBDER  |b BIBDER  |d 2019-11-21  |i 4042832  |o 172.2 KAP 2002  |p 4042832  |r 2023-01-25  |w 2019-11-21  |y BK  |k DER